000 00831nam a2200265Ia 4500
003 OSt
005 20220924125745.0
006 a|||||r|||| 00| 0
007 ta
008 220923b |||||||| |||| 00| 0 per d
020 _a9789647531894 (hbk)
020 _cINR 700.00
024 _a353797
037 _b2361, 12/02/2020, M.R. Publications
_cTextual
040 _aARTS
_cARTS
_bper
041 _2per
_aper
082 _aO5814:g, 164Q0
100 _aZarshanas Zehra Au.
_9198844
245 0 _aNama-e-khatoon argi
260 _aTehran
_bFarhangistan-e-zuban-o-adab farsi Iran
_c2010
300 _a287p.
_ccm.
650 _aLITERATURE - HISTORY AND CRITICISM
_914970
942 _hO5814:g, 164Q0
_cTEXL
_2CC
999 _c423293
_d423293